| 000 | 00707nab a2200241 a 4500 | ||
|---|---|---|---|
| 005 | 20210219161101.0 | ||
| 008 | 991125s1985 mx 000 0 spa u | ||
| 035 | _aUPN01000178521 | ||
| 100 | 1 | _aRico, Luis | |
| 222 | _aUNO : | ||
| 222 | _bREVISTA DE DIDACTICA DE LAS MATEMATICAS | ||
| 245 | _aObjetivos y competencias en el aprendizaje de los números naturales | ||
| 260 | _aBarcelona, España | ||
| 300 | _a14-30 | ||
| 362 | 0 | _a2010 Año 17, no. 54, abr.-jun. | |
| 653 | 0 | _aEXPECTATIVAS DE APRENDIZAJE | |
| 653 | 0 | _aCOMPETENCIA MATEMATICA | |
| 653 | 0 | _aNUMEROS NATURALES | |
| 653 | 0 | _aEDUCACION SECUNDARIA | |
| 700 | 1 | _aLupiáñez, José Luis, | |
| 700 | 1 | _ecoaut. | |
| 905 | _aArticulo | ||
| 999 |
_c150624 _d150624 |
||